Quy trình quan trắc và phân tích chất lượng môi trường
Cung cấp những kiến thức cơ bản nhất về kỹ thuật quan trắc và phân tích thường được sử dụng trong đánh giá chất lượng môi trường nước, không khí, đất và chất thải rắn.
Guardat en:
| Autor principal: | |
|---|---|
| Format: | Llibre |
| Idioma: | Vietnamese |
| Publicat: |
H.
Xây dựng
2012
|
| Etiquetes: |
Afegir etiqueta
Sense etiquetes, Sigues el primer a etiquetar aquest registre!
|
| Thư viện lưu trữ: | Thư viện Trường Đại học Nam Cần Thơ |
|---|
| LEADER | 01356aam a22002058a 4500 | ||
|---|---|---|---|
| 001 | NCT_48707 | ||
| 008 | 150409s2015 ||||||viesd | ||
| 999 | |c 2331 |d 2331 | ||
| 020 | |c 90000 | ||
| 082 | 0 | 4 | |2 23rd ed. |a 628.1 |b Th108 |
| 100 | 1 | |a Nguyễn Thị Kim Thái |e Chủ biên | |
| 245 | 0 | 0 | |a Quy trình quan trắc và phân tích chất lượng môi trường |c Nguyễn Thị Kim Thái (chủ biên) |
| 260 | |a H. |b Xây dựng |c 2012 | ||
| 300 | |a 219 tr. |c 27 cm | ||
| 520 | 3 | |a Cung cấp những kiến thức cơ bản nhất về kỹ thuật quan trắc và phân tích thường được sử dụng trong đánh giá chất lượng môi trường nước, không khí, đất và chất thải rắn. | |
| 942 | |2 ddc |c BK | ||
| 952 | |0 0 |1 0 |2 ddc |4 0 |6 628_100000000000000_TH108 |7 0 |9 13486 |a 000001 |b 000001 |d 2018-09-08 |l 2 |o 628.1 Th108 |p MD.04381 |r 2020-07-01 |s 2020-06-16 |v 90000.00 |w 2018-09-08 |y BK | ||
| 952 | |0 0 |1 0 |2 ddc |4 0 |6 628_100000000000000_TH108 |7 0 |9 13487 |a 000001 |b 000001 |d 2018-09-08 |o 628.1 Th108 |p MD.04382 |r 2018-09-08 |v 90000.00 |w 2018-09-08 |y BK | ||
| 952 | |0 0 |1 0 |2 ddc |4 0 |6 628_100000000000000_TH108 |7 0 |9 13488 |a 000001 |b 000001 |d 2018-09-08 |l 2 |o 628.1 Th108 |p MD.06206 |r 2020-07-10 |s 2020-06-22 |v 90000.00 |w 2018-09-08 |y BK | ||
| 980 | |a Thư viện Trường Đại học Nam Cần Thơ | ||